Cost and reimbursement analysis of selected hospital diagnoses via activity-based costing

V dôsledku neustáleho zvyšovania nákladov v zdravotníctve budú musieť nemocnice využívať pokročilejší manažment a nové ekonomické nástroje. Presnosť výpočtu nákladov závisí na použitej kalkulačnej metóde a vedie k ich správnemu rozdeleniu. Metodika ABC umožňuje presnejší odhad nákladov na jednotlivý...

Ausführliche Beschreibung

Gespeichert in:
Bibliographische Detailangaben
1. Verfasser: Popesko, Boris
Weitere Verfasser: Papadaki, Šárka, Novák, Petr
Format: Buchkapitel
Sprache:Englisch
Schlagworte:
Tags: Tag hinzufügen
Keine Tags, Fügen Sie das erste Tag hinzu!

MARC

LEADER 00000naa a2200000 4500
001 0208256
005 20231207103008.0
041 0 |a eng 
044 |a CZ 
245 1 0 |a Cost and reimbursement analysis of selected hospital diagnoses via activity-based costing  |c Boris Popesko, Šárka Papadaki, Petr Novák 
520 |a V dôsledku neustáleho zvyšovania nákladov v zdravotníctve budú musieť nemocnice využívať pokročilejší manažment a nové ekonomické nástroje. Presnosť výpočtu nákladov závisí na použitej kalkulačnej metóde a vedie k ich správnemu rozdeleniu. Metodika ABC umožňuje presnejší odhad nákladov na jednotlivých pacientov a tiež vytvára celý rad ďalších informácií o nákladoch. 
610 2 0 |a služby zdravotnícke 
610 2 0 |a nemocnice 
610 2 0 |a financovanie zdravotníctva 
610 2 0 |a manažment finančný 
610 2 0 |a kalkulácia nákladov 
610 2 0 |a metóda ABC 
100 1 |a Popesko, Boris 
700 1 |a Papadaki, Šárka 
700 1 |a Novák, Petr